000 00759nam a2200217 a 4500
001 000040140
005 20201002033937.0
008 130808s1979 sp 000 0 spa d
020 _a8425410584
040 _aDO-SdBNP
_bspa
_cBNPHU
082 _a262.8
_bD671a
100 1 _aDominian, Jack
_966410
240 1 0 _aAuthority
_lespañol
245 1 3 _aLa autoridad :
_bInterpretación cristiana de la evolución psicológica del concepto de autoridad /
_cJack Dominian ; traducción Antonio Martínez Riu.
260 _aBarcelona :
_bHerder,
_c1979.
300 _a171 p. ;
_c22 cm.
650 4 _aAutoridad
_xAspectos religiosos
_966411
650 4 _aAutoridad
_966412
700 1 2 _aMartínez Riu, Antonio,
_etr.
_966413
910 _aValidado. Control de calidad MFF
999 _c39630
_d39630